Global strategic management :l (Record no. 3236)
[ view plain ]
| 000 -LEADER | |
|---|---|
| fixed length control field | 00871nam a2200157 4500 |
| 020 ## - INTERNATIONAL STANDARD BOOK NUMBER | |
| ISBN | 0471617881 |
| 050 ## - CALL NUMBER | |
| Classification number | HD62.4 |
| Item number | .V483 |
| 100 ## - AUTHOR | |
| Personal name | Wortzel-Vernon H. |
| 245 ## - TITLE | |
| Title | Global strategic management :l |
| Remainder of title | the essentials |
| 260 ## - PUBLICATION INFORMATION | |
| Place of publication | New York : |
| Name of publisher | Wiley, |
| Year of publication | 1990. |
| 300 ## - DESCRIPTION | |
| Number of Pages | xiii, 545 p. :. |
| Other physical details | ill. ; |
| Dimensions | 24 cm. |
| 500 ## - NOTES | |
| General note | Rev. ed. of: Strategic management of multinational <br/> corporations. c1985. |
| 505 ## - FORMATTED CONTENTS NOTE | |
| Table of Content | Section 1. The Strategic Planning environment<br/>Section 2. Concepts and tools for competitive analysis and strategic planning<br/>Section 3. The political environment and political risk<br/>Section 4. Finance and control<br/>Section 5. Marketing<br/>Section 6. Production management<br/>Section 7. R&D and innovation management<br/>Section 8. Corporate culture and human resource management |
| 650 ## - SUBJECTS | |
| Topical Term | International business enterprises |
| General subdivision | Management |
| 942 ## - ADDED ENTRY ELEMENTS (KOHA) | |
| Koha item type | Books |
| Withdrawn status | Lost status | Home library | Current library | Shelving location | Date acquired | Full call number | Accession Number | Koha item type |
|---|---|---|---|---|---|---|---|---|
| Methodist University Library Tema | Methodist University Library Tema | General Stacks | 16/05/2011 | HD62.4 .V483 | 33559 | Books |